The romance of the Rose /

Bibliographic Details
Main Author: Arden, Heather, 1943-
Format: Book
Language:English
Published: Boston : Twayne Publishers, [1987]
Series:Twayne's world authors series ; TWAS 791.
Subjects:

MARC

Tag First Indicator Second Indicator Subfields
LEADER 00000cam a22000008a 4500
001 in00000007177
005 20151005050043.0
008 870604s1987 mau b 00110 eng
010 |a  87015054  
020 |a 0805766456 (alk. paper) 
035 |a (OCoLC)16089206 
035 |9 AAA1651AM 
040 |a DLC  |c DLC  |d m/c  |d TXA  |d UtOrBLW 
049 |a TXAM  |c [A12613638] 
050 0 0 |a PQ1528  |b .A89 1986 
082 0 |a 841/.1  |2 19 
100 1 |a Arden, Heather,  |d 1943- 
245 1 4 |a The romance of the Rose /  |c by Heather M. Arden. 
264 1 |a Boston :  |b Twayne Publishers,  |c [1987] 
264 4 |c ©1987 
300 |a 135 pages 
336 |a text  |b txt  |2 rdacontent 
337 |a unmediated  |b n  |2 rdamedia 
338 |a volume  |b nc  |2 rdacarrier 
490 1 |a Twayne's world authors series ;  |v TWAS 791 
504 |a Bibliography: pages 128-131. 
500 |a Includes index. 
600 0 0 |a Guillaume,  |c de Lorris,  |d active 1230.  |t Roman de la rose. 
600 0 0 |a Jean,  |c de Meun,  |d approximately 1240-approximately 1305  |x Criticism and interpretation. 
830 0 |a Twayne's world authors series ;  |v TWAS 791. 
999 |a MARS 
999 f f |s 74665965-4e16-3b31-aae9-3c03c09f27b4  |i 9df0a98f-7ce6-3379-9377-89824be07caa  |t 0 
952 f f |p normal  |a Texas A&M University  |b College Station  |c Sterling C. Evans Library  |d Evans: Library Stacks  |t 0  |e PQ1528 .A89 1986  |h Library of Congress classification  |i unmediated -- volume  |m A14812613638 
998 f f |a PQ1528 .A89 1986  |t 0  |l Evans: Library Stacks